Tiszatáj 1954/3

Elmentve itt :
Bibliográfiai részletek
Dokumentumtípus: Folyóirat
Megjelent: 1954
Sorozat:Tiszatáj 8 No. 3
Online Access:http://tiszataj.bibl.u-szeged.hu/47
LEADER 00434nas a2200145 i 4500
001 tisza47
005 20200415091014.0
008 160906s1954 hu o 0|| hun d
022 |a 0133-1167 
040 |a SZTE Tiszatáj Archívum  |b hun 
041 |a hun 
245 0 0 |a Tiszatáj 1954/3  |h [elektronikus dokumentum] 
260 |c 1954 
490 0 |a Tiszatáj  |v 8 No. 3 
856 4 0 |u http://tiszataj.bibl.u-szeged.hu/47/1/tiszataj_1954_003.pdf  |z Dokumentum-elérés